00453nmm a2200145Ia 4500008004100000020001500041041000800056100002200064245005600086264007800142300001800220490001200238650000800250856004900258251105s9999||||xx |||||||||||||||||und|| a8479084006 aspa aFerrer Lloret, J. 0aLas consecuencias del hecho ilícito internacional a[Madrid, España] :bPublicaciones de la Universidad de Alicante, c1998 a144 páginas aDerecho aLaw uhttps://public.digitaliapublishing.com/a/593